000 00398nam a2200169 a 4500
001 1771665203106
003 YourLibrary
005 20260221144454.0
008 260221s2017##################000#0#eng##
020 _a9781680956634
082 0 4 _a338.47
_bELE
245 1 0 _aMarine Tourism :
260 _c2017.
300 _a238 pages
942 _cENGLISH
040 _aYourLibrary
_beng
_cYourLibrary
999 _c615174
_d615174